| 000 | 00742nam a22002417a 4500 | ||
|---|---|---|---|
| 003 | AR-RoIUNI | ||
| 005 | 20210303120910.0 | ||
| 007 | ta | ||
| 008 | 161013s1989 ag |||||r|||| 00| 0 spa d | ||
| 020 | _a9509515404 | ||
| 040 | _cIUNIR | ||
| 080 | _a159.923.3 | ||
| 100 | 1 |
_aLaurent, Éric, _d1947- |
|
| 245 | 1 | 0 |
_aEstabilizaciones en las psicosis / _cEric Laurent. |
| 260 |
_aBuenos Aires : _bManantial, _c1989. |
||
| 300 |
_a126 p. ; _c20 cm. |
||
| 490 | 0 | _aLos ensayos | |
| 505 | 0 | _aI. Estabilizaciones en las psicosis -- II. Psicoanálisis y diagnóstico de estructura -- III. Final de análisis, acting-out, pasaje al acto y pase. | |
| 650 | 4 |
_aPSICOLOGÍA _9108 |
|
| 650 | 4 | _aPSICOANÁLISIS | |
| 650 | 4 | _aPSICOSIS | |
| 942 |
_2cdu _cBK |
||
| 999 |
_c3391 _d3391 |
||